[Event "Novosibirsk Sukharev Memorial Seniors"]
[Site "Novosibirsk"]
[Date "2012.07.20"]
[Round "3"]
[White "Konjkov, Victor"]
[Black "Chaschin, Nikolay"]
[Result "1-0"]
[WhiteElo "1953"]
[BlackElo "1844"]
[PlyCount "73"]
[EventDate "2012.07.18"]
[EventType "swiss"]
[EventRounds "9"]
[EventCountry "RUS"]
[SourceTitle "EXT 2014"]
[Source "ChessBase"]
[SourceDate "2013.11.20"]
[SourceVersion "1"]
[SourceVersionDate "2013.11.20"]
[SourceQuality "1"]

1. e4 c5 2. d4 cxd4 3. c3 dxc3 4. Nxc3 Nc6 5. Nf3 d6 6. Bc4 e6 7. 0-0 h6 8. Qe2 e5 9. h3 Be6 10. Bxe6 fxe6 11. Rd1 a6 12. Be3 Nf6 13. Na4 Qa5 14. Nb6 Rd8 15. Nc4 Qb5 16. a4 Qb4 17. Bd2 Qc5 18. Rac1 Qa7 19. Be3 Qb8 20. Bb6 Rd7 21. Rd2 Be7 22. Nh4 Kf7 23. Rcd1 Re8 24. Nf3 Kf8 25. Nfxe5 dxe5 26. Rxd7 Nxd7 27. Rxd7 Qc8 28. Rc7 Qb8 29. Qg4 Bf6 30. Nd6 Nd8 31. Nxe8 Kxe8 32. Qg6+ Kf8 33. Rd7 Qc8 34. Rc7 Qb8 35. Qh7 Nf7 36. Bc5+ Ke8 37. Qg8# 1-0

[Event "Novosibirsk Sukharev Memorial Seniors"]
[Site "Novosibirsk"]
[Date "2010.07.22"]
[Round "5"]
[White "Chaschin, Nikolay"]
[Black "Merkuriev, Vyacheslav Aleksand"]
[Result "1-0"]
[WhiteElo "1843"]
[BlackElo "1980"]
[PlyCount "185"]
[EventDate "2010.07.18"]
[EventType "swiss"]
[EventRounds "9"]
[EventCountry "RUS"]
[SourceTitle "EXT 2011"]
[Source "ChessBase"]
[SourceDate "2010.11.26"]
[SourceVersion "1"]
[SourceVersionDate "2010.11.26"]
[SourceQuality "1"]

1. d4 d5 2. c4 e6 3. Nc3 Nf6 4. Bg5 Be7 5. Nf3 Nbd7 6. e3 c6 7. Bd3 dxc4 8. Bxc4 0-0 9. 0-0 Nd5 10. Bxe7 Qxe7 11. e4 Nxc3 12. bxc3 b5 13. Bb3 a5 14. Qd2 Bb7 15. Rad1 Nb6 16. Qe2 a4 17. Bc2 Qa3 18. Qd3 g6 19. Bb1 Ba6 20. Qe3 Kg7 21. Rfe1 Rac8 22. Ne5 f6 23. Nd3 Qxc3 24. Nc5 Qxe3 25. fxe3 Ra8 26. Nxe6+ Kf7 27. Nxf8 Kxf8 28. Bd3 Ke7 29. Rc1 Rc8 30. Rc2 Nc4 31. Bxc4 bxc4 32. Rb1 Bb5 33. a3 Kd7 34. Rf2 Ke6 35. Rbf1 Rf8 36. g4 c3 37. Rc1 Bd3 38. Rxc3 Bxe4 39. Rb2 f5 40. gxf5+ Rxf5 41. Rc5 Rxc5 42. dxc5 Kd5 43. Rb4 Bc2 44. Kf2 Kxc5 45. Kf3 Kd6 46. Kf4 c5 47. Rc4 Bb3 48. Rc1 h6 49. Ke4 Bd5+ 50. Kd3 g5 51. e4 Be6 52. Ke3 h5 53. Rd1+ Ke5 54. Rd8 h4 55. Ra8 Bd7 56. Ra5 Kd6 57. Ra6+ Ke5 58. Rg6 g4 59. Rg5+ Kd6 60. Rd5+ Kc6 61. Rh5 h3 62. Rh6+ Kc7 63. Kd3 Bb5+ 64. Kc3 Be2 65. Rg6 Kd7 66. Kd2 Bf3 67. Ke3 Ke7 68. Rh6 c4 69. Kf4 Kd7 70. Ke3 c3 71. Kd3 c2 72. Kxc2 Bxe4+ 73. Kc3 Ke7 74. Kd4 Bf3 75. Ke5 Kd7 76. Kf4 Kc7 77. Rg6 Bd1 78. Rxg4 Bxg4 79. Kxg4 Kc6 80. Kxh3 Kc5 81. Kg4 Kc4 82. h4 Kb3 83. h5 Kxa3 84. h6 Kb2 85. h7 a3 86. h8Q+ Kb1 87. Qh1+ Kb2 88. Qg2+ Kb1 89. Qf1+ Kb2 90. Qe2+ Kb1 91. Qd1+ Kb2 92. Qd4+ Kb1 93. Qb4+ 1-0

[Event "Novosibirsk November op"]
[Site "Novosibirsk"]
[Date "2009.11.20"]
[Round "4"]
[White "Chaschin, Nikolay"]
[Black "Klimov, Valery"]
[Result "0-1"]
[WhiteElo "1844"]
[BlackElo "1942"]
[PlyCount "93"]
[EventDate "2009.11.16"]
[EventType "swiss"]
[EventRounds "9"]
[EventCountry "RUS"]
[SourceTitle "EXT 2011"]
[Source "ChessBase"]
[SourceDate "2010.11.26"]
[SourceVersion "1"]
[SourceVersionDate "2010.11.26"]
[SourceQuality "1"]

1. e4 e5 2. Nf3 Nc6 3. Bb5 Bc5 4. 0-0 Nd4 5. Nxd4 Bxd4 6. c3 Bb6 7. d4 c6 8. Ba4 d6 9. Be3 Nf6 10. f3 0-0 11. Bc2 Nh5 12. g3 Bh3 13. Rf2 g5 14. Qd2 h6 15. Na3 Qe7 16. Nc4 Bc7 17. b3 b5 18. Nb2 Rad8 19. Rd1 Nf4 20. Qc1 Ng6 21. Qb1 Bb6 22. Nd3 a5 23. Ne1 Kh8 24. Ng2 Qa7 25. Qc1 f6 26. Bb1 Rg8 27. Kh1 Rg7 28. Qc2 Rdg8 29. Qd2 Nf4 30. Bxf4 Bxg2+ 31. Rxg2 gxf4 32. g4 h5 33. h3 Qf7 34. Rh2 b4 35. cxb4 Bxd4 36. bxa5 Rh7 37. Qe2 hxg4 38. fxg4 Qa7 39. a6 Rb8 40. Bd3 Qg7 41. Rc1 c5 42. Rc4 Rb4 43. Rxb4 cxb4 44. Bc4 Qa7 45. Qf3 Be3 46. Rc2 Qd4 47. Bd5 0-1

[Event "Novosibirsk Sukharev Memorial Seniors"]
[Site "Novosibirsk"]
[Date "2009.07.26"]
[Round "9"]
[White "Chaschin, Nikolay"]
[Black "Klimov, Valery"]
[Result "0-1"]
[WhiteElo "1804"]
[BlackElo "1928"]
[PlyCount "66"]
[EventDate "2009.07.18"]
[EventType "swiss"]
[EventRounds "9"]
[EventCountry "RUS"]
[SourceTitle "EXT 2021"]
[Source "ChessBase"]
[SourceDate "2020.10.23"]
[SourceVersion "1"]
[SourceVersionDate "2020.10.23"]
[SourceQuality "1"]

1. d4 Nf6 2. c4 g6 3. Nc3 Bg7 4. e4 d6 5. Nf3 0-0 6. Be2 e5 7. d5 a5 8. 0-0 Na6 9. Nd2 Nc5 10. b3 Bd7 11. Bb2 Nh5 12. Bxh5 gxh5 13. Qxh5 f5 14. Qe2 f4 15. f3 Kh8 16. a3 Rg8 17. b4 Na6 18. bxa5 Bh6 19. Rf2 Bg5 20. Qd1 Bh4 21. Re2 Rg6 22. Nf1 Qg5 23. Ra2 Rag8 24. Ba1 Qh5 25. Red2 Rh6 26. Nb5 Bg3 27. hxg3 fxg3 28. Nxg3 Rxg3 29. Kf2 Nc5 30. Qf1 Qh4 31. Ke2 Nxe4 32. fxe4 Bg4+ 33. Kf2 Rxg2+ 0-1

[Event "Novosibirsk Sukharev Memorial Seniors"]
[Site "Novosibirsk"]
[Date "2009.07.23"]
[Round "6"]
[White "Abanin, Vladimir"]
[Black "Chaschin, Nikolay"]
[Result "0-1"]
[WhiteElo "1887"]
[BlackElo "1804"]
[PlyCount "36"]
[EventDate "2009.07.18"]
[EventType "swiss"]
[EventRounds "9"]
[EventCountry "RUS"]
[SourceTitle "EXT 2021"]
[Source "ChessBase"]
[SourceDate "2020.10.23"]
[SourceVersion "1"]
[SourceVersionDate "2020.10.23"]
[SourceQuality "1"]

1. e4 c5 2. d4 e6 3. Nc3 cxd4 4. Qxd4 Nc6 5. Qa4 Nf6 6. Bf4 d6 7. 0-0-0 e5 8. Bg5 Bd7 9. Nb5 Nd4 10. Rxd4 exd4 11. Qxd4 Bc6 12. Bc4 Be7 13. f3 0-0 14. Nxa7 Qa5 15. Bxf6 Bxf6 16. Nxc6 bxc6 17. Qe3 d5 18. exd5 Bg5 0-1

[Event "Novosibirsk November op"]
[Site "Novosibirsk"]
[Date "2008.11.26"]
[Round "6"]
[White "Levin, Mikhail Eduardovich"]
[Black "Chaschin, Nikolay"]
[Result "1-0"]
[WhiteElo "1779"]
[BlackElo "1888"]
[PlyCount "121"]
[EventDate "2008.11.20"]
[EventType "swiss"]
[EventRounds "9"]
[EventCountry "RUS"]
[SourceTitle "EXT 2022"]
[Source "ChessBase"]
[SourceDate "2021.10.06"]
[SourceVersion "1"]
[SourceVersionDate "2021.10.06"]
[SourceQuality "1"]

1. e4 c5 2. f4 e6 3. Nf3 Nc6 4. c3 Nf6 5. e5 Nd5 6. d3 d6 7. d4 cxd4 8. Nxd4 dxe5 9. Nxc6 bxc6 10. Qa4 Qc7 11. fxe5 Qxe5+ 12. Be2 Bd7 13. Qd4 Qxd4 14. cxd4 Bb4+ 15. Bd2 Bxd2+ 16. Kxd2 Rb8 17. b3 0-0 18. Na3 Nb6 19. Bf3 Rbc8 20. Rac1 Rfd8 21. Rc5 Be8 22. Ke3 Rd6 23. Rhc1 Rcd8 24. Nc2 Nd5+ 25. Bxd5 cxd5 26. Nb4 Rb6 27. Nc6 Bxc6 28. Rxc6 Rb7 29. Rc7 Rxc7 30. Rxc7 Ra8 31. b4 g5 32. b5 h5 33. a4 Kg7 34. g3 Kg6 35. a5 f6 36. h3 Kf5 37. Kf3 Rb8 38. Rc5 Rb7 39. Ke3 g4 40. h4 Rd7 41. b6 axb6 42. axb6 Rb7 43. Rb5 Kg6 44. Kd3 Kf7 45. Kc3 Ke7 46. Kb4 Kd6 47. Ka5 Kc6 48. Rc5+ Kd6 49. Ka6 Rb8 50. Ka7 Rd8 51. b7 Rd7 52. Ka8 Rxb7 53. Kxb7 f5 54. Rc6+ Ke7 55. Rc7+ Kf6 56. Rh7 f4 57. gxf4 Kf5 58. Rxh5+ Kxf4 59. Kc6 Ke4 60. Kc5 g3 61. Rg5 1-0

[Event "Novosibirsk November op"]
[Site "Novosibirsk"]
[Date "2008.11.24"]
[Round "3"]
[White "Chaschin, Nikolay"]
[Black "Moskalev, Alexander"]
[Result "1-0"]
[WhiteElo "1888"]
[BlackElo "1706"]
[PlyCount "52"]
[EventDate "2008.11.20"]
[EventType "swiss"]
[EventRounds "9"]
[EventCountry "RUS"]
[SourceTitle "EXT 2022"]
[Source "ChessBase"]
[SourceDate "2021.10.06"]
[SourceVersion "1"]
[SourceVersionDate "2021.10.06"]
[SourceQuality "1"]

1. d4 d5 2. c4 dxc4 3. Nc3 e5 4. d5 Nf6 5. e4 Bc5 6. Bxc4 Ng4 7. Nh3 f5 8. Qe2 0-0 9. f3 Nf6 10. Be3 Bxe3 11. Qxe3 fxe4 12. Nxe4 Nxe4 13. fxe4 Qh4+ 14. Nf2 Kh8 15. 0-0 Nd7 16. Nd3 Rxf1+ 17. Rxf1 Qe7 18. Qg3 a6 19. a3 b5 20. Bb3 Bb7 21. h3 Nc5 22. d6 Qxd6 23. Rf7 g6 24. Qh4 h5 25. Qg5 Qf8 26. Rxf8+ Rxf8 1-0

[Event "SFR-ch Seniors"]
[Site "Novosibirsk"]
[Date "2008.10.16"]
[Round "9"]
[White "Klimov, Valery"]
[Black "Chaschin, Nikolay"]
[Result "0-1"]
[WhiteElo "1946"]
[BlackElo "1888"]
[PlyCount "70"]
[EventDate "2008.10.08"]
[EventType "swiss"]
[EventRounds "9"]
[EventCountry "RUS"]
[SourceTitle "EXT 2022"]
[Source "ChessBase"]
[SourceDate "2021.10.06"]
[SourceVersion "1"]
[SourceVersionDate "2021.10.06"]
[SourceQuality "1"]

1. e4 c5 2. Nf3 Nc6 3. d4 cxd4 4. Nxd4 Nf6 5. Nc3 d6 6. Be2 g6 7. Be3 Bg7 8. h4 h5 9. f3 Bd7 10. Qd2 Qa5 11. Nb3 Qd8 12. 0-0-0 a6 13. Kb1 b5 14. Nd5 Rb8 15. Nxf6+ Bxf6 16. f4 Qc7 17. e5 dxe5 18. Nc5 Bc8 19. c3 Ra8 20. g4 hxg4 21. Rdg1 Bf5+ 22. Ka1 exf4 23. Bxf4 Be5 24. Be3 Rd8 25. Qc1 Qc8 26. Bf4 f6 27. Bxe5 Nxe5 28. Qe3 Kf7 29. Rf1 Rh5 30. Re1 Qc6 31. Bd1 a5 32. Bb3+ Kg7 33. Rd1 Rxd1+ 34. Rxd1 Rxh4 35. Bd5 Qxd5 0-1

[Event "Novosibirsk-ch Seniors op"]
[Site "Novosibirsk"]
[Date "2008.10.02"]
[Round "8"]
[White "Chesnokov, Gennady"]
[Black "Chaschin, Nikolay"]
[Result "1-0"]
[WhiteElo "2003"]
[BlackElo "1867"]
[PlyCount "29"]
[EventDate "2008.09.25"]
[EventType "swiss"]
[EventRounds "9"]
[EventCountry "RUS"]
[SourceTitle "EXT 2022"]
[Source "ChessBase"]
[SourceDate "2021.10.06"]
[SourceVersion "1"]
[SourceVersionDate "2021.10.06"]
[SourceQuality "1"]

1. e4 c5 2. f4 e6 3. Nf3 d5 4. Bb5+ Bd7 5. Bxd7+ Qxd7 6. Ne5 Qd8 7. exd5 Qxd5 8. Qe2 a6 9. Nc3 Qd4 10. d3 Nf6 11. Qf3 Qb4 12. Nc4 Nc6 13. a3 Nd4 14. Qd1 Qxc4 15. dxc4 1-0

[Event "Novosibirsk-ch Seniors op"]
[Site "Novosibirsk"]
[Date "2008.09.29"]
[Round "5"]
[White "Mardanyan, Eduard"]
[Black "Chaschin, Nikolay"]
[Result "0-1"]
[WhiteElo "1718"]
[BlackElo "1867"]
[PlyCount "54"]
[EventDate "2008.09.25"]
[EventType "swiss"]
[EventRounds "9"]
[EventCountry "RUS"]
[SourceTitle "EXT 2022"]
[Source "ChessBase"]
[SourceDate "2021.10.06"]
[SourceVersion "1"]
[SourceVersionDate "2021.10.06"]
[SourceQuality "1"]

1. e4 c5 2. Nf3 Nc6 3. d4 cxd4 4. Nxd4 Nf6 5. Nxc6 bxc6 6. Nc3 e5 7. Bc4 Be7 8. 0-0 0-0 9. Be3 d6 10. Qe2 Qc7 11. Rad1 Bb7 12. f4 Rfd8 13. fxe5 dxe5 14. Rxd8+ Qxd8 15. Qf2 a5 16. Rd1 Qb8 17. Bc5 Qf8 18. Bxe7 Qxe7 19. Qb6 h6 20. Na4 Nxe4 21. Rd7 Qxd7 22. Bd3 Nf6 23. h3 Qd4+ 24. Qxd4 exd4 25. Nc5 Rb8 26. Nb3 Ba8 27. Nxd4 Rxb2 0-1

[Event "Novosibirsk-ch Seniors op"]
[Site "Novosibirsk"]
[Date "2008.09.26"]
[Round "2"]
[White "Baidin, Yury"]
[Black "Chaschin, Nikolay"]
[Result "0-1"]
[WhiteElo "1862"]
[BlackElo "1867"]
[PlyCount "56"]
[EventDate "2008.09.25"]
[EventType "swiss"]
[EventRounds "9"]
[EventCountry "RUS"]
[SourceTitle "EXT 2022"]
[Source "ChessBase"]
[SourceDate "2021.10.06"]
[SourceVersion "1"]
[SourceVersionDate "2021.10.06"]
[SourceQuality "1"]

1. e4 c5 2. Nc3 Nc6 3. Nf3 d6 4. Bc4 e6 5. 0-0 Nf6 6. d4 Be7 7. d5 Na5 8. Bb5+ Bd7 9. dxe6 fxe6 10. e5 dxe5 11. Bxd7+ Nxd7 12. Nxe5 Nxe5 13. Qh5+ Ng6 14. Rd1 Qb6 15. Be3 0-0 16. Na4 Qb5 17. b3 b6 18. Qh3 Qc6 19. Rf1 Nb7 20. Rae1 Bf6 21. Bc1 Rfe8 22. Nc3 Bxc3 23. Qxc3 Rad8 24. Re2 e5 25. Rfe1 Rf8 26. Re3 Qd5 27. Rg3 Qd4 28. Qxd4 cxd4 0-1